| 000 | nam a22 7a 4500 | ||
|---|---|---|---|
| 999 |
_c128965 _d128965 |
||
| 008 | 190212b xxu||||| |||| 00| 0 eng d | ||
| 050 | _aBV4435.M881 | ||
| 100 |
_aMorrison, Ruth _944558 |
||
| 245 |
_aAgeing with joy _cRuth Morrison anDawn Dridan Radthe |
||
| 260 |
_aMumbai _bBetter Yourself Books _c1988 |
||
| 300 |
_a126p. ; _c22cm. |
||
| 650 |
_aChurch work with the aged _914096 |
||
| 942 |
_2lcc _cMONOGRAPH |
||